| 000 | 00802nas a2200253 4500 | ||
|---|---|---|---|
| 001 | BR0104111 | ||
| 003 | BR-BrBNA | ||
| 005 | 20231205102411.0 | ||
| 007 | ta | ||
| 008 | 230509b bl.|||p| |||| 00| 00por d | ||
| 040 |
_aBR-BrBNA _bpor _cBiblioteca Nacional de Agricultura |
||
| 041 | _a(Pt) | ||
| 072 | _aE71 | ||
| 100 | 1 | _aCoelho, C.N. | |
| 245 | 1 | _aO agribusiness brasileiro e as macrotendencias mundiais | |
| 650 | _aAgribusiness | ||
| 650 | _aMercado Mundial | ||
| 650 | _aProduto Interno Bruto | ||
| 650 | _aMacroeconomia | ||
| 773 | 0 |
_tRevista de Política Agrícola (Brazil) _xISSN 1413-4969 _g(Jan-Mar 2000), v. 9(1) p. 27-36 _wBR0104111 |
|
| 856 | 4 |
_uRev_Pol_Agr_v9_n1-2000.pdf#page=28 _yRecurso eletrônico (PDF) |
|
| 909 |
_a202311 _bLúcia _c55 _dLúcia Elande |
||
| 942 |
_2AGRIS _n0 _cANA |
||
| 999 |
_c167380 _d167380 |
||